Vida: his own story, (Record no. 332)

MARC details
000 -LEADER
fixed length control field 00588pam a2200229 4500
005 - DATE AND TIME OF LATEST TRANSACTION
control field 20260322212015.0
008 - FIXED-LENGTH DATA ELEMENTS--GENERAL INFORMATION
fixed length control field data
010 ## - LIBRARY OF CONGRESS CONTROL NUMBER
LC control number 72003635
020 ## - INTERNATIONAL STANDARD BOOK NUMBER
International Standard Book Number 0139417737
020 ## - INTERNATIONAL STANDARD BOOK NUMBER
International Standard Book Number 9780139417733
040 ## - CATALOGING SOURCE
Original cataloging agency DLC
Transcribing agency DLC
Modifying agency DLC
050 00 - LIBRARY OF CONGRESS CALL NUMBER
Classification number GV865.B57
Item number A3
082 00 - DEWEY DECIMAL CLASSIFICATION NUMBER
Classification number B
-- B
001 - CONTROL NUMBER
control field data
100 1# - MAIN ENTRY--PERSONAL NAME
Personal name Blue, Vida,
Dates associated with a name 1949-
245 10 - TITLE STATEMENT
Title Vida: his own story,
Statement of responsibility, etc. Vida Blue & Bill Libby.
260 ## - PUBLICATION, DISTRIBUTION, ETC.
Place of publication, distribution, etc. Englewood Cliffs, N.J.,
Name of publisher, distributor, etc. Prentice-Hall
Date of publication, distribution, etc. [1972]
300 ## - PHYSICAL DESCRIPTION
Extent 248 p.
Other physical details illus.
Dimensions 24 cm.
350 ## - PRICE (NR) (BK AM CF MU VM SE) [OBSOLETE]
Price {dollar}6.95
600 10 - SUBJECT ADDED ENTRY--PERSONAL NAME
Personal name Blue, Vida,
Dates associated with a name 1949-
700 1# - ADDED ENTRY--PERSONAL NAME
Personal name Libby, Bill,
Relator term joint author.
Holdings
Withdrawn status Lost status Damaged status Not for loan Home library Current library Shelving location Date acquired Total checkouts Full call number Barcode Date last seen Price effective from Koha item type
        Fairview Fairview General stacks 22/03/2026   796.357/092/4 B BC0010342 22/03/2026 22/03/2026 Books